Normal view MARC view
  • Nanofluids

Entry Topical Term

Number of records used in: 2

001 - CONTROL NUMBER

  • control field: 37833

003 - CONTROL NUMBER IDENTIFIER

  • control field: OSt

005 - DATE AND TIME OF LATEST TRANSACTION

  • control field: 20150505103506.0

008 - FIXED-LENGTH DATA ELEMENTS

  • fixed length control field: 150505|| aca||babn | a|a d

040 ## - CATALOGING SOURCE

  • Original cataloging agency: OSt

150 ## - HEADING--TOPICAL TERM

  • Topical term or geographic name as entry element: Nanofluids

450 ## - SEE FROM TRACING--TOPICAL TERM

  • Topical term or geographic name entry element: Nano fluids

450 ## - SEE FROM TRACING--TOPICAL TERM

  • Topical term or geographic name entry element: Nanoparticle colloidal solutions

550 ## - SEE ALSO FROM TRACING--TOPICAL TERM

  • Topical term or geographic name entry element: Colloids

550 ## - SEE ALSO FROM TRACING--TOPICAL TERM

  • Topical term or geographic name entry element: Fluids

550 ## - SEE ALSO FROM TRACING--TOPICAL TERM

  • Topical term or geographic name entry element: Microfluidics